| 000 | 01090nam0a22002771 4500 | ||
|---|---|---|---|
| 001 | rc\2815714 | ||
| 005 | 20250806211113.0 | ||
| 035 | _a(NLR Aleph) 006941459 | ||
| 090 |
_a39076 _c39076 |
||
| 100 | _a20110915d1945 u y0rusy50 ca | ||
| 101 | 1 |
_arus _ceng |
|
| 102 | _aRU | ||
| 105 | _ay z |||a| | ||
| 200 | 1 |
_aДневной свет в субботу _eРоман об авиазаводе _fД. Б. Пристли _gПер. с англ. М. Е. Абкиной |
|
| 210 |
_aЛенинград _cГослитиздат _d1945 _gтип. № 1 Упр. изд-в и полиграфии Исполкома Ленгорсовета |
||
| 215 |
_a286 с. _d19 см. |
||
| 300 | _aНа обороте тит. л.: J. B. Priestley. Daylight on saturday, 1943 | ||
| 700 | 1 |
_aПристли _bД.Б. _f1894-1984 _gДжон Бойнтон |
|
| 702 | 1 |
_aАбкина _bМ.Е. _4730 |
|
| 801 | 0 |
_aRU _bNLR _gpsbo |
|
| 801 | 1 |
_aRU _bELAR _2rusmarc |
|
| 852 |
_aNLR _jЛ60 Г-2/26 |
||
| 942 | _cBOOK | ||
| 945 | _aРоссийская национальная библиотека | ||
| 980 | _aNB | ||
| 980 | _aBV | ||